Nba Top 100 Greatest (Actually Right) - Statistics

General Stats
  • This quiz has been taken 29 times
  • The average score is 48 of 100
Answer Stats
Hint Answer % Correct
1 SG Jordan
100%
13 PG Curry
88%
6 SG Kobe
88%
2 SF Lebron
88%
4 C Shaq
88%
8 SF Bird
84%
10 PF Duncan
84%
3 C Kareem
84%
12 C Russell
84%
9 SF Durant
80%
5 C Wilt
80%
55 PG West
76%
7 C Hakeem
72%
15 PF Malone
72%
48 PF Rodman
72%
19 SG Wade
72%
18 PF Barkley
68%
57 PG Cousy
68%
37 SG Harden
68%
16 SG Iverson
68%
40 SF Leonard
68%
39 PG Paul
68%
34 SF Pippen
68%
46 PG Thomas
68%
20 SF Erving
64%
24 PF Garrnett
64%
73 SG-SF George
64%
21 PG Nash
64%
38 SF Pierce
64%
63 SG Thompson
64%
22 C Ewing
60%
52 C Howard
60%
25 PG Kidd
60%
47 PG Lillard
60%
32 SG Mcgrady
60%
36 SG Miller
60%
17 PG Westbrook
60%
14 PF Dirk
56%
69 PF | 90 PF Gasol
56%
56 PG-SG Irving
56%
11 PG Magic
56%
58 PF Mchale
56%
27 C Robinson
56%
23 PG Stockton
56%
26 SF Anthony
52%
53 PF-C Bosh
52%
30 SG Carter
52%
28 SG-SF Drexler
52%
59 PF Havlicek
52%
86 PG Johnson
52%
35 C Jokic
52%
74 PG Parker
52%
29 PG Robertson
52%
61 C Walton
52%
50 PF Davis
48%
75 C Embiid
48%
45 C Hayes
48%
43 PG Payton
48%
60 PG Doncic
44%
49 PG Frazier
44%
31 PG | 79 PG Hardaway
44%
62 PG Pettit
44%
54 SG-SF Derozan
40%
85 C Unseld
40%
66 SF English
36%
44 SG Gervin
36%
67 C Mcadoo
36%
41 SG-SF Wilkins
36%
51 SF-PF Worthy
36%
84 SF Barry
32%
80 PG Billups
32%
91 SG Dumars
32%
89 SF King
32%
87 C Mikan
32%
64 C Mutombo
32%
81 C Cowens
28%
88 SG Greer
28%
71 C Wallace
28%
100 SF Arizin
24%
68 PF Kemp
24%
65 PG Lowry
24%
78 PG Archibald
20%
98 SF Dantley
20%
95 C Gilmore
20%
76 SF Hill
20%
82 SG Moncrief
20%
42 SF Webber
20%
33 PF Antetokounmpo
16%
77 SF Marion
8%
94 SF Cunningham
4%
83 PF Horry
4%
99 PF Nance
4%
70 C Sabonis
4%
93 SF Schrempf
4%
96 SF Twyman
4%
92 PF Debusshere
0%
72 SG Gionbili
0%
97 SG Westphal
0%
No matching quizzes found
Score Distribution
Percent of People with Each Score
Percentile by Number Answered
Your Score History
You have not taken this quiz